Calculus
The text itself is basically the same as "Calculus with Analytic Geometry" by Finney and Thomas. Professors Demana and Waits add their knowledge of graphing calculator technology and Mr. Kennedy adapts some of the information to be more relevant for the AP syllabus.
Guardat en:
| Autor principal: | |
|---|---|
| Format: | Llibre |
| Idioma: | Undetermined |
| Publicat: |
New York
Addison-Wesley
1994
|
| Matèries: | |
| Etiquetes: |
Afegir etiqueta
Sense etiquetes, Sigues el primer a etiquetar aquest registre!
|
| Thư viện lưu trữ: | Trung tâm Học liệu Trường Đại học Cần Thơ |
|---|
| LEADER | 00740nam a2200193Ia 4500 | ||
|---|---|---|---|
| 001 | CTU_148580 | ||
| 008 | 210402s9999 xx 000 0 und d | ||
| 082 | |a 515 | ||
| 082 | |b F514 | ||
| 100 | |a Finney, Ross | ||
| 245 | 0 | |a Calculus | |
| 245 | 0 | |c Ross L. Finney, George B. Thomas | |
| 260 | |a New York | ||
| 260 | |b Addison-Wesley | ||
| 260 | |c 1994 | ||
| 520 | |a The text itself is basically the same as "Calculus with Analytic Geometry" by Finney and Thomas. Professors Demana and Waits add their knowledge of graphing calculator technology and Mr. Kennedy adapts some of the information to be more relevant for the AP syllabus. | ||
| 650 | |a Calculus | ||
| 904 | |i Tuyến | ||
| 980 | |a Trung tâm Học liệu Trường Đại học Cần Thơ | ||